Franklin D. Roosevelt rok jeho vlády, reformních snah a úsilí o obrodu hospodářskou a měnovou

Na minha lista:
Detalhes bibliográficos
Formato: Livro
Idioma:tcheco
Publicado em: Praha Československá akademie obchodní 1933
Tags: Adicionar Tag
Sem tags, seja o primeiro a adicionar uma tag!

MARC

LEADER 00000nam a2200000 4500
001 0268127
005 20240822101711.2
041 0 |a cze 
044 |a -CS 
245 1 0 |a Franklin D. Roosevelt  |b rok jeho vlády, reformních snah a úsilí o obrodu hospodářskou a měnovou 
264 1 |a Praha  |b Československá akademie obchodní  |c 1933 
500 |a Zvláštní otisk z roční zprávy, šk.r.1933/34.